Energetický potenciál skládok odpadu
Skládkový plyn je zmes plynov, z ktorých najvýznamnejší z hľadiska energetického využívania je metán. Úprava a inštalácia zmiešavača na prípravu palivovej zmesi pre použitie skládkového plynu v kogeneračnej jednotke.
Gespeichert in:
| 1. Verfasser: | |
|---|---|
| Weitere Verfasser: | |
| Format: | Buchkapitel |
| Sprache: | Slowakisch |
| Schlagworte: | |
| Tags: |
Keine Tags, Fügen Sie das erste Tag hinzu!
|
MARC
| LEADER | 00000naa a2200000 4500 | ||
|---|---|---|---|
| 001 | 0229925 | ||
| 005 | 20221104125848.4 | ||
| 041 | 0 | |a slo | |
| 044 | |a CZ | ||
| 245 | 1 | 0 | |a Energetický potenciál skládok odpadu |c Natália Jasminská, Tomáš Brestovič |
| 520 | |a Skládkový plyn je zmes plynov, z ktorých najvýznamnejší z hľadiska energetického využívania je metán. Úprava a inštalácia zmiešavača na prípravu palivovej zmesi pre použitie skládkového plynu v kogeneračnej jednotke. | ||
| 610 | 2 | 0 | |a bioplyn |
| 610 | 2 | 0 | |a energia tepelná |
| 610 | 2 | 0 | |a využitie energie |
| 610 | 2 | 0 | |a výroba energie |
| 610 | 2 | 0 | |a skládky odpadu |
| 610 | 2 | 0 | |a energetika |
| 610 | 2 | 0 | |a hospodárstvo energetické |
| 100 | 1 | |a Jasminská, Natália | |
| 700 | 1 | |a Brestovič, Tomáš | |